000 01056cam a2200217 4500
001 WB4037-06
008 040930n2004 000 0 eng u
035 _a(Sirsi) u127586
245 _aProductivity 2nd quarter 2004
260 _c2004
490 _aNational Statistics Press Release
_v 30 Setember 2004 (5)
520 _aThis release is compiled on the basis of new methodology announced on 29 July 2004. Output per worker increased by 2.9% in the second quarter of 2004 compared with a year ago; this is up from 2% for the previous quarter. Unit wage costs for the economy in the second quarter of 2004 increased by 2.1% compared with the same period a year ago. Manufacturing productivity was 5.4% on an output per job basis compared with the same quarter in 2003. For the new release: http://www.statistics.gov.uk/pdfdir/prod0904.pdf
590 _aWB
590 _aWB
650 _aPRODUCTIVITY
650 _aECONOMIC ACTIVITY
650 _aMANUFACTURING OUTPUT
650 _aUNIT WAGE COSTS
690 _aECONOMIC ISSUES
942 _n0
999 _c118094
_d118094